000 00331nam a2200133Ia 4500
005 20260328101508.0
008 260328s9999||||xx |||||||||||||| ||und||
100 _aGuerrero Santos, Ana
245 0 _aAgraz Arquitectos - 10 AƱos /
_cAna Guerrero Santos
260 _b----
300 _a361 p.
650 _aARQUITECTOS
942 _cBK
999 _c9085
_d9085